La revolución del arte moderno

Guardat en:
Dades bibliogràfiques
Autor principal: Sedlmayr, Hans (Autor)
Format: Llibre
Idioma:espanyol
Publicat: Barcelona Quaderns Crema S. A 2008
Edició:1a. ed
Col·lecció:El Acantilado, 165
Matèries:
Etiquetes: Afegir etiqueta
Sense etiquetes, Sigues el primer a etiquetar aquest registre!

MARC

LEADER 00000cam a2200000 a 4500
001 UCF8794
003 CL-VaPUC
008 131004e20080300sp |||||||||||||||||spa|d
020 |a 9788496834361 
082 0 4 |a 701.15  |b SED  |2 21 
100 0 |a Sedlmayr, Hans  |e author  |9 570909 
245 1 3 |a La revolución del arte moderno 
250 |a 1a. ed 
300 |a 229 p 
942 |c BK 
945 |d 20131004 22:02:00  |a dcastane 
260 |a Barcelona  |b Quaderns Crema S. A  |c 2008 
650 0 |a Arte moderno   |y Siglo 19   |9 330420 
650 0 |a Arte y sociedad   |9 306277 
650 0 |a Crítica e interpretación   |9 255042 
650 0 |a Percepción visual  |9 267039 
583 |a last modification  |c 20131004 22:02:00  |k Rodrigo Vera 
490 0 |a El Acantilado, 165 
999 |c 353326  |d 353324 
952 |0 0  |1 0  |3 erb  |4 0  |6 701_150000000000000_SED_2008  |7 0  |8 A  |9 458464  |a BIBART  |b BIBART  |d 2019-11-23  |i 5014883  |l 3  |o 701.15 SED 2008  |p 5014883  |r 2023-01-11  |s 2022-08-22  |w 2019-11-23  |y BK  |z Catalogado en:20131004  |k ART